Poesías completas / (Record no. 177829)

MARC details
000 -LEADER
campo de control de longitud fija 00947nam a22002655i 4500
001 - NÚMERO DE CONTROL
campo de control 177829
003 - IDENTIFICADOR DE NÚMERO DE CONTROL
campo de control ES-MaACL
005 - FECHA Y HORA DE LA ÚLTIMA TRANSACCIÓN
campo de control 20250910215348.0
008 - DATOS DE LONGITUD FIJA--INFORMACIÓN GENERAL
campo de control de longitud fija 110429s2009 sp |||| | spa d
017 ## - NÚMERO DE COPYRIGHT O DE DEPÓSITO LEGAL
Número de copyright o de depósito legal M.42.760-2009
020 ## - NÚMERO INTERNACIONAL ESTÁNDAR DEL LIBRO
Número Internacional Estándar del Libro 9788498950205
080 ## - NÚMERO DE LA CLASIFICACIÓN DECIMAL UNIVERSAL
Número de la Clasificación Decimal Universal 821.134.2-14"19"
100 1# - ENTRADA PRINCIPAL--NOMBRE DE PERSONA
Nombre de persona Hierro, José,
Fechas asociadas al nombre 1922-2002
9 (RLIN) 63619
245 10 - MENCIÓN DEL TÍTULO
Título Poesías completas /
Mención de responsabilidad, etc. José Hierro ; prólogo de Julia Uceda ; epílogo y notas al texto de Miguel García-Posada.
260 ## - PUBLICACIÓN, DISTRIBUCIÓN, ETC.
Lugar de publicación, distribución, etc. Madrid :
Nombre del editor, distribuidor, etc. Visor Libros,
Fecha de publicación, distribución, etc. D. L. 2009.
300 ## - DESCRIPCIÓN FÍSICA
Extensión 735 p. ;
Dimensiones 25 cm.
490 1# - MENCIÓN DE SERIE
Mención de serie Colección Visor de poesía. Serie maior ;
Designación de volumen o secuencia 14
700 0# - ENTRADA AGREGADA--NOMBRE PERSONAL
Nombre de persona Uceda, Julia.
9 (RLIN) 111849
700 1# - ENTRADA AGREGADA--NOMBRE PERSONAL
Nombre de persona García-Posada, Miguel,
Fechas asociadas al nombre 1944-2012
9 (RLIN) 55131
830 0# - PUNTO DE ACCESO ADICIONAL DE SERIE-TÍTULO UNIFORME
Título uniforme Colección Visor de poesía. Serie maior
Designación de volumen o secuencia 14
9 (RLIN) 183011
852 ## - LOCALIZACIÓN
Ubicación ES-MaACL
itemnumber R.145589
Número de control de estantería A-11122
Signatura antigua Olim:N-4127
Ubicación en estantería Depósito 1
942 ## - ELEMENTOS DE ENTRADA SECUNDARIOS (KOHA)
Fuente del sistema de clasificación o colocación Clasificación decimal universal
Tipo de ítem Koha Libro impreso
Holdings
Estatus retirado Estado de pérdida Fuente del sistema de clasificación o colocación Estado de daño No para préstamo Biblioteca de origen Biblioteca actual Ubicación en estantería Fecha de adquisición Fuente de adquisición Total de préstamos Signatura topográfica completa Código de barras Visto por última vez Precio de reemplazo Tipo de ítem Koha
    Clasificación decimal universal     Biblioteca del Ateneo de Madrid Biblioteca del Ateneo de Madrid Depósito 1 29/04/2011 Compra   A-11122 1186813 23/02/2023 23/02/2023 Libro impreso